Hrady, zámky a kaštiele na Slovensku /
Uložené v:
| Hlavný autor: | |
|---|---|
| Médium: | Kniha |
| Jazyk: | Slovak |
| Vydané: |
Martin :
Osveta,
1973.
|
| Vydanie: | 1. vyd. |
| ISBN: |
(viaz.) |
| Fyzický popis: |
500 s. : il. |
| Tagy: |
Pridať tag
Žiadne tagy, Buďte prvý kto otaguje tento záznam!
|
Titul je dostupný aj v ... 

MARC
| LEADER | 00000nam a22000001a 4500 | ||
|---|---|---|---|
| 001 | 000200213 | ||
| 005 | 20100630191110.0 | ||
| 008 | 050330s1973 xo a e 000 0 slo d | ||
| 020 | |a (viaz.) |c Kčs 85,00 | ||
| 040 | |a SVKKK |b slo |c SVKKK |e AACR2 | ||
| 041 | 0 | |a slo |b rus |b eng |b ger |b hun | |
| 044 | |a xo |c SK | ||
| 100 | 1 | |a Pisoň, Štefan | |
| 245 | 1 | 0 | |a Hrady, zámky a kaštiele na Slovensku / |c Štefan Pisoň. |
| 250 | |a 1. vyd. | ||
| 260 | |a Martin : |b Osveta, |c 1973. | ||
| 300 | |a 500 s. : |b il. | ||
| 546 | |a Resumé rus., nem., angl., maď. | ||
| 910 | |a svkkk | ||
| 998 | |a BK | ||
| 090 | |g SCKHL |k Sklad |a IV.77465 |j 499237 |i 2720011833 |s Absenčne | ||
| 090 | |g SCKHL |k Študovňa historických fondov a regionálnej lit.(Pri Mikl.väzn.1) |a IV.76552 |j 495574 |i 2720305145 |s Príručka / Študovňa | ||
| 090 | |g SCKHL |k Sklad Pribinova prízemie |a IV.77464 |j 499236 |i 2720174224 |s Absenčne | ||
| 090 | |g SCKHL |k Sklad Pribinova 1. posch. |a IV.76703 |j 496428 |i 116363-10 |s Nezvestná | ||